000
00293nam a22001337a 4500
008
170526b xxu||||| |||| 00| 0 eng d
020
_a
9780887306402
041
_a
eng
080
_a
62
100
_a
25
101
_a
im
245
_a
REENGINEERING CORPORATION
_c
HAMMER.M
942
_2
udc
_c
BK
999
_c
14310
_d
14310